000 00598nam a2200217 i 4500
001 C2-0314974
003 PPAK
005 20180728110705.0
008 120416s2012 my |||| ||||| | eng d
040 _aPPAK
_beng
_cPPAK
_erda
082 0 4 _a362.1
_223
090 0 0 _a362.1
_bSER
_dR
245 0 0 _aService directory for people with disabilities in Malaysia
264 1 _aKuala Lumpur :
_bMalaysia Care ,
_c2012
300 _a451 pages ;
_c20 cm
336 _2rdacontent
_atext
337 _2rdamedia
_aunmediated
338 _2rdacarrier
_avolume
650 1 0 _aRehabilitation.
942 _ddc
_cB
999 _c116279
_d116279